000 00730nam a2200277Ia 4500
001 Z_3705
003 CHAP
008 220113s1982 xx 000 0 und d
010 _a166786
040 _cCHAP
082 _a574.87 S35
100 1 _aSalazar Bustos, Ma. del Socorro
_9140910
245 _aManual de prácticas de laboratorio en fisiología celular animal /
_cpor Ma. del Socorro Salazar Bustos
260 _aChapingo, Méx. :
_bUACH. Departamento de Zootecnia,
_c1982
300 _a101 h.
440 _a
500 _a
503 _a
650 _aCitología
_xManuales de laboratorio I. t.
_9140911
901 _a574.87 S35
902 _aA
910 _a1982
942 _c1
942 _cc1
999 _c166786
_d166786